| 000 | 00898nmc a2200313 a 4500 | ||
|---|---|---|---|
| 003 | AR-BaBNM | ||
| 005 | 20251128204940.0 | ||
| 008 | 316019s1983 ||||||||||||||000 | spa|| | ||
| 020 | _a950-25-0037-7 | ||
| 040 | _cAR-BaBNM | ||
| 100 | 1 | _aCiria, Alberto | |
| 245 | 1 | 0 |
_aLa Reforma Universitaria [1918-1983] _n1 |
| 260 |
_aBuenos Aires _bCentro Editor de América Latina _c1983 |
||
| 300 | 0 | _a188 p. | |
| 490 | 0 |
_aBiblioteca política argentina _vv. 38 |
|
| 600 | 1 | 4 | _aYrigoyen, Hipólito |
| 600 | 1 | 4 | _aPerón, Juan Domingo |
| 600 | 1 | 4 | _aFrondizi, Risieri |
| 610 | 2 | 4 | _aFederación Universitaria Argentina |
| 650 | 4 | _aHISTORIA ARGENTINA | |
| 650 | 4 | _aHISTORIA DE LA EDUCACION | |
| 650 | 4 | _aUNIVERSIDADES | |
| 651 | 4 | _aArgentina | |
| 653 | 0 | _aREFORMA UNIVERSITARIA | |
| 700 | 1 | _aSanguinetti, Horacio J. | |
| 800 | 1 |
_aTroncoso, Oscar _edirector |
|
| 942 | _cBK | ||
| 998 | _cEnrique | ||
| 999 |
_c9454 _d9454 |
||